[Event "24th ch-EUR Indiv 2024"]
[Site "Petrovac MNE"]
[Date "2024.11.10"]
[Round "3.118"]
[White "Abdulkarimli, Eljan"]
[Black "Shohat, Yotam"]
[Result "1/2-1/2"]
[BlackTitle "IM"]
[WhiteElo "2190"]
[BlackElo "2412"]
[WhiteFideId "13425439"]
[BlackFideId "2813955"]
[EventDate "2024.11.08"]

1. e4 c5 2. c3 d5 3. exd5 Qxd5 4. d4 g6 5. Nf3 Bg7 6. Na3 cxd4 7. Bc4 Qe4+ 8.
Be3 Nh6 9. Nb5 O-O 10. cxd4 Nc6 11. Nc7 Rb8 12. Qd2 Rd8 13. Bd5 Rxd5 14. Nxd5
Qxd5 15. Bxh6 Bh3 16. Rg1 Bxg2 17. Rxg2 Qxf3 18. Kf1 Bxh6 19. Qxh6 Qd3+ 20. Kg1
Nxd4 21. Qe3 Nf3+ 22. Kh1 Qd5 23. Rg3 Nd4+ 24. Kg1 Nf5 25. Qxa7 Rd8 26. Qa3 Nxg3
27. hxg3 Qe4 28. Qc3 Rd3 29. Re1 Qf3 30. Qb4 e6 31. Qe4 Qxe4 32. Rxe4 Rd5 33.
Rc4 Kg7 34. Rc7 b5 35. Rb7 g5 36. g4 Kg6 37. Kg2 h6 38. Kg3 f6 39. Rb6 Re5 40.
b3 Re2 41. a4 bxa4 42. bxa4 f5 43. gxf5+ Kxf5 44. Rb8 Ra2 45. Rf8+ Kg6 46. Rg8+
Kf7 47. Rh8 Kg7 48. Re8 Ra3+ 49. Kg2 Kf6 50. Rh8 Kg6 51. Re8 Kf5 52. Rf8+ Kg4
53. Re8 Rxa4 54. Rxe6 h5 55. Rb6 Rf4 56. Rb5 Ra4 57. Rb3 h4 58. Rc3 Ra2 59. Rc4+
Kh5 60. Rc3 Ra5 61. Rb3 Rf5 62. f3 Ra5 63. Rb6 Ra1 64. Rc6 Ra2+ 65. Kh3 Rd2 66.
Ra6 Rd1 67. Kg2 Rd8 68. Rb6 Rg8 69. Kh3 Rf8 70. Kg2 Rc8 71. Ra6 Rc2+ 72. Kh3 Rc3
73. Kg2 h3+ 74. Kxh3 Rxf3+ 75. Kg2 Rf4 76. Rb6 Kg4 77. Rc6 Ra4 78. Rc2 Kh4 79.
Rb2 g4 80. Rc2 Ra3 81. Rb2 Rg3+ 82. Kh2 Rh3+ 83. Kg2 Rg3+ 1/2-1/2

[Event "24th ch-EUR Indiv 2024"]
[Site "Petrovac MNE"]
[Date "2024.11.10"]
[Round "3.119"]
[White "Ahmad, Khagan"]
[Black "Rudzinska, Michalina"]
[Result "1/2-1/2"]
[WhiteTitle "IM"]
[BlackTitle "WGM"]
[WhiteElo "2406"]
[BlackElo "2192"]
[WhiteFideId "13431552"]
[BlackFideId "1172883"]
[EventDate "2024.11.08"]

1. Nf3 d5 2. d4 Nf6 3. c4 e6 4. g3 Bb4+ 5. Bd2 a5 6. Bg2 O-O 7. Qc2 c5 8. O-O
cxd4 9. Nxd4 e5 10. Nb5 Qb6 11. N1c3 dxc4 12. Be3 Bc5 13. Na4 Qxb5 14. Bxc5 Re8
15. Be3 Ng4 16. Bg5 h6 17. Nc3 Qb6 18. Nd5 Qc5 19. Be3 Nxe3 20. Nxe3 Be6 21.
Bxb7 Ra7 22. Bg2 Nc6 23. Bxc6 Qxc6 24. Rfd1 Rc7 25. Qc3 Qc5 26. Rd2 Qb4 27. Rad1
Qxc3 28. bxc3 Rb7 29. f3 Kf8 30. Kf2 f6 31. Rd6 Rb2 32. R1d2 Rxd2 33. Rxd2 Rb8
34. Rd6 Ke7 35. Ra6 Rb5 36. g4 g6 37. h4 f5 38. g5 hxg5 39. hxg5 f4 40. Ng2 Bf5
41. Nh4 Kf7 42. Rc6 Rb2 43. Rf6+ Kg7 44. Nxf5+ gxf5 45. Rxf5 Rxa2 46. Rxe5 Kg6
47. Kg2 a4 48. Kh3 Kh5 49. g6+ Kxg6 50. Kg4 Rc2 51. Ra5 Rxc3 52. Ra6+ Kf7 53.
Ra7+ Kg6 54. Ra6+ Kf7 55. Ra7+ Kg6 56. Kxf4 a3 57. Ra6+ Kf7 58. Ke4 Rc2 59. Ra7+
Ke8 60. e3 a2 61. Kd4 c3 62. f4 Re2 63. Ra8+ Ke7 64. Ra7+ Ke8 65. Ra8+ Ke7 66.
Ra7+ 1/2-1/2

[Event "24th ch-EUR Indiv 2024"]
[Site "Petrovac MNE"]
[Date "2024.11.10"]
[Round "3.120"]
[White "Todorov, Todor Spirov"]
[Black "Bournel, Antoine"]
[Result "0-1"]
[BlackTitle "IM"]
[WhiteElo "2185"]
[BlackElo "2403"]
[WhiteFideId "2900688"]
[BlackFideId "26093553"]
[EventDate "2024.11.08"]

1. e4 e6 2. d4 d5 3. exd5 exd5 4. Bd3 c5 5. c3 Nc6 6. Qe2+ Be6 7. Nf3 Nf6 8. O-O
Be7 9. h3 O-O 10. dxc5 Bxc5 11. Bg5 Re8 12. Qc2 h6 13. Bh4 g5 14. Bg3 Nh5 15.
Bh7+ Kg7 16. Be5+ Nxe5 17. Nxe5 Qf6 18. Ng4 Bxg4 19. hxg4 Ng3 20. Rd1 Ne2+ 21.
Kh1 Qxf2 0-1

[Event "24th ch-EUR Indiv 2024"]
[Site "Petrovac MNE"]
[Date "2024.11.10"]
[Round "3.121"]
[White "Defromont, Benjamin"]
[Black "Gusev, Mikhail"]
[Result "1-0"]
[WhiteTitle "IM"]
[BlackTitle "CM"]
[WhiteElo "2399"]
[BlackElo "2186"]
[WhiteFideId "36068829"]
[BlackFideId "34270140"]
[EventDate "2024.11.08"]

1. c4 e6 2. Nf3 Nf6 3. g3 b6 4. Bg2 Bb7 5. O-O c5 6. b3 d5 7. cxd5 exd5 8. d4
Nbd7 9. Bb2 Bd6 10. Nc3 O-O 11. dxc5 bxc5 12. e3 Qe7 13. Qd3 Ne5 14. Nxe5 Bxe5
15. Rac1 Rfd8 16. Qb5 a6 17. Qb6 Rac8 18. Na4 Bxb2 19. Nxb2 Rd6 20. Qa5 Qc7 21.
Qxc7 Rxc7 22. Rfd1 Kf8 23. e4 Rdd7 24. e5 Ne4 25. Na4 Ke7 26. f3 Ng5 27. Nxc5
Rd8 28. Nxb7 Rxb7 29. f4 Ne4 30. Rxd5 Rxd5 31. Bxe4 Rbd7 32. Bxd5 Rxd5 33. Rc2
a5 34. Kf2 f6 35. exf6+ Kxf6 36. Ke3 Kf5 37. Rc7 Kf6 38. g4 h5 39. Rc6+ Kf7 40.
g5 h4 41. Rc2 Kg6 42. Ke4 Rd1 43. Re2 h3 44. Re3 Rd2 45. Rxh3 Rxa2 46. Rh8 Re2+
47. Kf3 Rb2 48. Kg4 Rg2+ 49. Kf3 Rb2 50. h4 Rxb3+ 51. Kg4 Kf7 52. Ra8 g6 53.
Ra7+ Kf8 54. h5 gxh5+ 55. Kxh5 Rb5 56. Kg6 Rb6+ 57. Kh7 Rb5 58. Kh6 Rf5 59. g6
Kg8 60. Ra8+ 1-0

[Event "24th ch-EUR Indiv 2024"]
[Site "Petrovac MNE"]
[Date "2024.11.10"]
[Round "3.122"]
[White "Ermitsch, Magnus"]
[Black "Yonal, Timur"]
[Result "1/2-1/2"]
[WhiteTitle "FM"]
[BlackTitle "CM"]
[WhiteElo "2399"]
[BlackElo "2184"]
[WhiteFideId "16234464"]
[BlackFideId "44115725"]
[EventDate "2024.11.08"]

1. e4 e5 2. Nf3 Nc6 3. d4 exd4 4. Nxd4 Bc5 5. Be3 Bb6 6. Nf5 Bxe3 7. Nxe3 d6 8.
Nc3 Nf6 9. Qd2 O-O 10. f3 a6 11. g4 b5 12. a3 Rb8 13. O-O-O Be6 14. g5 Nh5 15.
Ned5 f5 16. f4 fxe4 17. Be2 Bf7 18. Nxe4 Kh8 19. Bxh5 Bxh5 20. Rdf1 a5 21. f5 b4
22. f6 bxa3 23. fxg7+ Kxg7 24. Qc3+ Ne5 25. Qxa3 Bf3 26. Nef6 Bxd5 27. Qh3 Bg8
28. Rhg1 Ng6 29. Qc3 Ne5 30. Qh3 Ng6 31. Qc3 Ne5 32. Qh3 Ng6 1/2-1/2

[Event "24th ch-EUR Indiv 2024"]
[Site "Petrovac MNE"]
[Date "2024.11.10"]
[Round "3.123"]
[White "Kalezic, Blazo"]
[Black "Markovic, Franjo-Josip"]
[Result "1-0"]
[WhiteTitle "IM"]
[WhiteElo "2394"]
[BlackElo "2181"]
[WhiteFideId "921815"]
[BlackFideId "14541041"]
[EventDate "2024.11.08"]

1. e4 e5 2. Nf3 Nc6 3. Bb5 a6 4. Ba4 Nf6 5. O-O Be7 6. Re1 b5 7. Bb3 O-O 8. d3
d6 9. c3 Na5 10. Bc2 c5 11. Nbd2 h6 12. Nf1 Be6 13. d4 exd4 14. cxd4 Bg4 15. d5
Nd7 16. h3 Bh5 17. g4 Bg6 18. b3 Bf6 19. Rb1 Re8 20. Ng3 Rc8 21. Kg2 Ne5 22. Nh2
Bh7 23. f4 Ng6 24. Nf5 Nh4+ 25. Nxh4 Bxh4 26. Re2 Bf6 27. Nf3 Be7 28. f5 Bf6 29.
Qe1 Nb7 30. Bd2 Kh8 31. h4 Be5 32. g5 c4 33. b4 c3 34. Be3 a5 35. a3 axb4 36.
axb4 Qd7 37. Rb3 g6 38. Bd4 f6 39. gxf6 gxf5 40. exf5 Bxf5 41. Nxe5 dxe5 42.
Rxe5 Rg8+ 43. Kh2 Bxc2 44. f7 Qd6 45. fxg8=Q+ Kxg8 46. Rxc3 Rxc3 47. Qxc3 Bg6
48. Qc6 1-0

[Event "24th ch-EUR Indiv 2024"]
[Site "Petrovac MNE"]
[Date "2024.11.10"]
[Round "3.124"]
[White "Ozenir, Ekin Baris"]
[Black "Bashylina, Luisa"]
[Result "1-0"]
[WhiteTitle "IM"]
[BlackTitle "WFM"]
[WhiteElo "2392"]
[BlackElo "2105"]
[WhiteFideId "6357415"]
[BlackFideId "12983292"]
[EventDate "2024.11.08"]

1. Nf3 Nf6 2. c4 g6 3. Nc3 d5 4. cxd5 Nxd5 5. h4 Bg7 6. h5 Nc6 7. g3 Bg4 8. h6
Bf6 9. Bg2 Nxc3 10. bxc3 e5 11. Rb1 Rb8 12. Qa4 Bd7 13. Qc2 O-O 14. d3 Be6 15.
O-O Be7 16. Qa4 Qd7 17. Ng5 Nd4 18. Qd1 Bxg5 19. Bxg5 Nb5 20. Qd2 f6 21. Be3 b6
22. f4 exf4 23. Bxf4 Rbd8 24. Rf2 c5 25. Rbf1 Qe7 26. Qb2 Nd6 27. Bxd6 Rxd6 28.
c4 Bg4 29. Bd5+ Kh8 30. e4 Bh3 31. Rc1 Rdd8 32. Kh2 Bc8 33. Rcf1 Qd7 34. Kg1 Qh3
35. Rf3 Rde8 36. Qf2 Qxh6 37. Rxf6 Rxf6 38. Qxf6+ Qg7 39. Qxg7+ Kxg7 40. Rf7+
Kh6 41. Rxa7 Bg4 42. Ra6 Rb8 43. Ra3 Kg5 44. Rb3 Bd1 45. Rb1 Bc2 46. Rb2 Bxd3
47. Kf2 b5 48. Ke3 Bf1 49. Rb1 Rf8 50. cxb5 Kg4 51. e5 c4 52. Kd4 Bd3 53. Rb4
Kxg3 54. b6 1-0

[Event "24th ch-EUR Indiv 2024"]
[Site "Petrovac MNE"]
[Date "2024.11.10"]
[Round "3.125"]
[White "Lorenz, Roger"]
[Black "Krallis, Christos"]
[Result "0-1"]
[BlackTitle "FM"]
[WhiteElo "2184"]
[BlackElo "2390"]
[WhiteFideId "24632325"]
[BlackFideId "4298896"]
[EventDate "2024.11.08"]

1. d4 d5 2. c4 e6 3. Nc3 Nf6 4. cxd5 exd5 5. Bg5 c6 6. Qc2 Be7 7. e3 h6 8. Bh4
O-O 9. Bd3 Re8 10. Nf3 Ne4 11. Bxe7 Qxe7 12. O-O Nd7 13. b4 a6 14. a4 Ndf6 15.
b5 c5 16. bxa6 bxa6 17. dxc5 Nxc5 18. Rfc1 Nce4 19. Nd4 Qe5 20. Be2 Nxf2 21. Bf3
N2g4 22. Bxg4 Nxg4 23. Nf3 Qxe3+ 24. Kf1 a5 25. h3 d4 26. Re1 dxc3 0-1

[Event "24th ch-EUR Indiv 2024"]
[Site "Petrovac MNE"]
[Date "2024.11.10"]
[Round "3.126"]
[White "Decuigniere, Tom"]
[Black "Blanquet, Camille"]
[Result "1/2-1/2"]
[WhiteTitle "IM"]
[BlackTitle "WFM"]
[WhiteElo "2385"]
[BlackElo "2079"]
[WhiteFideId "26093820"]
[BlackFideId "36037354"]
[EventDate "2024.11.08"]

1. Nf3 d5 2. g3 Nf6 3. Bg2 c6 4. O-O Bg4 5. h3 Bxf3 6. Bxf3 e5 7. d3 h6 8. c4
dxc4 9. dxc4 Bd6 10. Nc3 O-O 11. Qc2 Nbd7 12. Rd1 Qe7 13. b3 Rad8 14. Rb1 Rfe8
15. Ne4 Nxe4 16. Bxe4 Nc5 17. Bf5 Ne6 18. Be3 Bb8 19. Bxe6 Qxe6 20. Rxd8 Rxd8
21. Rd1 Rxd1+ 22. Qxd1 Bc7 23. Bxa7 Qxh3 24. Bb8 Qc8 25. Bxc7 Qxc7 26. b4 Qe7
27. Qd2 h5 28. a4 h4 29. a5 hxg3 30. fxg3 e4 31. e3 Qe5 32. Kf2 Qf6+ 33. Ke1 Qe5
34. Kd1 Qxg3 35. b5 cxb5 36. cxb5 Qe5 37. Qb4 Qa1+ 38. Kc2 Qa2+ 39. Kc3 Qe2 40.
Qc5 Qd3+ 41. Kb4 Qb1+ 42. Ka4 Qa2+ 43. Kb4 Qb1+ 44. Ka4 Qa2+ 45. Kb4 1/2-1/2

[Event "24th ch-EUR Indiv 2024"]
[Site "Petrovac MNE"]
[Date "2024.11.10"]
[Round "3.127"]
[White "Kanyamarala, Tarun"]
[Black "Guretchii, Kirill"]
[Result "1-0"]
[WhiteTitle "IM"]
[WhiteElo "2371"]
[BlackElo "2058"]
[WhiteFideId "45004714"]
[BlackFideId "13911872"]
[EventDate "2024.11.08"]

1. d4 d5 2. c4 e6 3. Nf3 Nf6 4. g3 Bb4+ 5. Nbd2 O-O 6. Bg2 b6 7. O-O Bb7 8. a3
Bd6 9. e4 dxe4 10. Ng5 Be7 11. Ndxe4 Nxe4 12. Nxe4 Kh8 13. Be3 Nd7 14. Re1 Rb8
15. Qa4 a6 16. Rac1 b5 17. Qc2 bxc4 18. Qxc4 Nf6 19. Nxf6 Bxf6 20. b4 Bxg2 21.
Kxg2 a5 22. b5 a4 23. Rb1 Rb7 24. Rb4 Qd7 25. Reb1 Rfb8 26. Rxa4 h6 27. Rab4 Ra7
28. a4 Be7 29. R4b2 Rba8 30. Ra2 Bd6 31. Rba1 Rb7 32. Rb1 Rab8 33. d5 e5 34. a5
Qf5 35. Rab2 Ra8 36. a6 Rbb8 37. f3 Qc8 38. Bf2 Kh7 39. Qc6 f5 40. Ra2 e4 41. a7
exf3+ 42. Kxf3 Rb7 43. Re1 f4 44. g4 h5 45. h3 hxg4+ 46. hxg4 Kg6 47. Re6+ Kf7
48. Rae2 1-0

[Event "24th ch-EUR Indiv 2024"]
[Site "Petrovac MNE"]
[Date "2024.11.10"]
[Round "3.128"]
[White "Hryzlova, Sofiia"]
[Black "Gasparyan, Erik R."]
[Result "0-1"]
[WhiteTitle "WIM"]
[BlackTitle "FM"]
[WhiteElo "2177"]
[BlackElo "2371"]
[WhiteFideId "14174669"]
[BlackFideId "13315730"]
[EventDate "2024.11.08"]

1. d4 Nf6 2. c4 e6 3. g3 d5 4. Nf3 Bb4+ 5. Bd2 Be7 6. Bg2 O-O 7. O-O Nbd7 8. Qc2
c6 9. Bf4 h6 10. Rd1 a5 11. Ne5 a4 12. Nc3 a3 13. b3 Qa5 14. e4 Bb4 15. Bd2 Nxe5
16. dxe5 Ng4 17. exd5 exd5 18. cxd5 Qc5 19. Be1 Nxe5 20. Rdc1 Re8 21. Qe4 Qf8
22. Na4 Bd6 23. Nb6 Rb8 24. Nxc8 Rbxc8 25. Bh3 Rc7 26. dxc6 Nxc6 27. Qd5 Be5 28.
Bc3 Bxc3 29. Rxc3 Nb4 30. Qf3 Rxc3 31. Qxc3 Qd6 32. Qc4 Rd8 33. Qb5 Qd2 34. Bg4
Nd3 35. Qb6 Re8 36. Kg2 Qb2 37. Rd1 Ne5 38. Qb5 Rf8 39. Bf5 g6 40. Bb1 Ng4 41.
Qc5 Re8 42. Bxg6 Ne3+ 43. Kh3 Nxd1 44. Bxf7+ Kxf7 45. Qh5+ Ke7 46. Qc5+ Kf6 47.
Qd6+ Kf7 48. Qd5+ Re6 49. Qd7+ Re7 50. Qd5+ Kg7 0-1

[Event "24th ch-EUR Indiv 2024"]
[Site "Petrovac MNE"]
[Date "2024.11.10"]
[Round "3.129"]
[White "Yalcinkaya, Efe"]
[Black "Vestby-Ellingsen, Mads"]
[Result "1/2-1/2"]
[BlackTitle "IM"]
[WhiteElo "2117"]
[BlackElo "2368"]
[WhiteFideId "44506619"]
[BlackFideId "1520857"]
[EventDate "2024.11.08"]

1. e4 c5 2. Nf3 d6 3. d4 cxd4 4. Nxd4 Nf6 5. Nc3 g6 6. Be3 Nc6 7. f3 h5 8. Bc4
Na5 9. Bb3 Bd7 10. Qd2 Rc8 11. O-O-O Bg7 12. h3 h4 13. f4 Nxb3+ 14. Nxb3 Qc7 15.
Rhe1 b5 16. Bd4 e5 17. fxe5 dxe5 18. Bc5 Bh6 19. Re3 Bc6 20. Qd3 Nd7 21. Bb4 a5
22. Nxa5 Qa7 23. Re1 Qd4 24. Nxc6 Rxc6 25. a3 Qxd3 26. cxd3 f6 27. Kb1 Bxe3 28.
Rxe3 Rb6 29. Nd5 Rb7 30. Re2 Kf7 31. Rc2 Nb6 32. Nxb6 Rxb6 33. Rc7+ Kg8 34. Bc5
Rb8 35. Rc6 Kf7 36. Rc7+ Kg8 37. Rc6 Kf7 38. Rc7+ Kg8 1/2-1/2

[Event "24th ch-EUR Indiv 2024"]
[Site "Petrovac MNE"]
[Date "2024.11.10"]
[Round "3.130"]
[White "Wallace, John Paul"]
[Black "Karaca, Yigit"]
[Result "1-0"]
[WhiteTitle "IM"]
[WhiteElo "2368"]
[BlackElo "2006"]
[WhiteFideId "3200957"]
[BlackFideId "26314118"]
[EventDate "2024.11.08"]

1. d4 d5 2. c4 c6 3. Nf3 Nf6 4. e3 e6 5. Bd3 Nbd7 6. O-O Be7 7. b3 b6 8. Nc3 Bb7
9. Bb2 O-O 10. Rc1 Rc8 11. Qe2 c5 12. cxd5 exd5 13. Rfd1 Re8 14. dxc5 bxc5 15.
Ba6 Qb6 16. Bxb7 Qxb7 17. Qb5 Qxb5 18. Nxb5 a6 19. Nc3 Nb6 20. Ne2 Ne4 21. Ng3
Bf6 22. Bxf6 Nxf6 23. h3 g6 24. Rc2 a5 25. Rdc1 Nfd7 26. Ne2 a4 27. Nf4 axb3 28.
axb3 Re4 29. Nd3 c4 30. Nd2 Re6 31. bxc4 Rec6 32. c5 Na4 33. Nb3 R6c7 34. Nb4
Nf6 35. c6 Nb6 36. Nd4 Ra7 37. Rc5 Rac7 38. Rb5 Nbd7 39. Nxd5 Nxd5 40. Rxd5 Nb8
41. Rdc5 Kf8 42. g4 h6 43. Kg2 Ke7 44. Kg3 Kf6 45. h4 Ke7 46. R1c2 Kd8 47. h5
gxh5 48. gxh5 Ke7 49. Kf4 Kf6 50. f3 Ke7 51. e4 Kf6 52. Nf5 Rxc6 53. e5+ 1-0

[Event "24th ch-EUR Indiv 2024"]
[Site "Petrovac MNE"]
[Date "2024.11.10"]
[Round "3.131"]
[White "Odabasi, Ruzgar"]
[Black "Goroshkov, Maksym"]
[Result "1-0"]
[BlackTitle "FM"]
[WhiteElo "2114"]
[BlackElo "2368"]
[WhiteFideId "51604787"]
[BlackFideId "14142716"]
[EventDate "2024.11.08"]

1. d4 Nf6 2. c4 e6 3. Nc3 c5 4. d5 d6 5. e4 exd5 6. exd5 Bf5 7. Nf3 Be7 8. Bd3
Bxd3 9. Qxd3 O-O 10. O-O Nbd7 11. h3 Re8 12. Bf4 Nf8 13. Rfe1 Ng6 14. Bh2 Qb6
15. Re2 Bf8 16. Rae1 Rxe2 17. Rxe2 Re8 18. Rxe8 Nxe8 19. Qe2 Qd8 20. Ne1 Nf6 21.
g4 a6 22. Bg3 Qd7 23. Ng2 h5 24. g5 h4 25. Bh2 Nh7 26. Qe3 b5 27. b3 bxc4 28.
bxc4 Be7 29. Ne4 Qd8 30. f4 Qd7 31. Qf3 Qb7 32. Qb3 Qd7 33. Qf3 Qb7 34. Qb3 Qc8
35. Qd3 Kh8 36. a3 Qd7 37. Qb3 Qf5 38. Qe3 f6 39. Qd3 fxg5 40. Nxc5 Qf6 41. Ne6
gxf4 42. Ngxf4 Ne5 43. Qe2 Ng5 44. Qh5+ Kg8 45. Nxg5 Qxg5+ 46. Qxg5 Bxg5 47. Ne6
Be3+ 48. Kf1 Nxc4 49. Ke2 Bc5 50. Nxc5 dxc5 51. Bg1 Nxa3 52. d6 Kf7 53. Bxc5 Nb5
54. d7 Nd4+ 55. Bxd4 Ke7 56. Bxg7 Kxd7 57. Kf3 Ke6 58. Kg4 Kf7 59. Bc3 Kg6 60.
Kxh4 1-0

[Event "24th ch-EUR Indiv 2024"]
[Site "Petrovac MNE"]
[Date "2024.11.10"]
[Round "3.132"]
[White "Citak, Selim"]
[Black "Tsanatsqenishvili, Alexandre"]
[Result "1-0"]
[WhiteTitle "FM"]
[WhiteElo "2366"]
[BlackElo "1987"]
[WhiteFideId "6301819"]
[BlackFideId "13626000"]
[EventDate "2024.11.08"]

1. d4 Nf6 2. c4 e6 3. Nf3 d5 4. Nc3 Be7 5. Bf4 a6 6. c5 O-O 7. e3 Nc6 8. Bd3 b6
9. cxb6 cxb6 10. Ne5 Bb7 11. Rc1 Nxe5 12. Bxe5 Ne4 13. Qg4 g6 14. Bxe4 dxe4 15.
h4 Rc8 16. h5 f5 17. Qg3 g5 18. h6 b5 19. O-O Kf7 20. Qh2 Qd7 21. Ne2 Rxc1 22.
Qh5+ Kg8 23. Rxc1 Rc8 24. Rc5 Rxc5 25. dxc5 Qd1+ 26. Kh2 Bc6 27. b4 Bd8 28. Nf4
Qd7 29. Nh3 Qf7 30. Qd1 Be7 31. Bg7 Qe8 32. Qa1 Kf7 33. Qe5 Bd5 34. g4 Kg8 35.
gxf5 Qd7 36. f6 1-0

[Event "24th ch-EUR Indiv 2024"]
[Site "Petrovac MNE"]
[Date "2024.11.10"]
[Round "3.133"]
[White "Sakmak, Kutay"]
[Black "Golubka, Petro"]
[Result "0-1"]
[BlackTitle "GM"]
[WhiteElo "2104"]
[BlackElo "2365"]
[WhiteFideId "44581939"]
[BlackFideId "14114224"]
[EventDate "2024.11.08"]

1. e4 c6 2. d4 d5 3. f3 e6 4. Nc3 Bb4 5. Bd2 Ne7 6. Bd3 dxe4 7. Nxe4 Qxd4 8. Ne2
Bxd2+ 9. Qxd2 Qe5 10. O-O-O Nd7 11. f4 Qc7 12. g4 Nf6 13. Nxf6+ gxf6 14. c4 Bd7
15. Qc3 e5 16. f5 c5 17. Ng3 O-O-O 18. Rhe1 Bc6 19. g5 Rhe8 20. Nh5 Ng8 21. gxf6
Bf3 22. Be2 Bxh5 23. Bxh5 Nxf6 24. Bf3 e4 25. Bh1 Rxd1+ 26. Rxd1 Qf4+ 27. Kb1
Qe5 28. Qa5 a6 29. Qb6 Nd7 30. Qa7 Qxh2 31. a3 Qb8 32. Qxb8+ Nxb8 33. Re1 Nd7
34. Rxe4 Rxe4 35. Bxe4 Nf6 36. Bh1 b6 37. b4 Kc7 38. bxc5 bxc5 39. Kc2 h5 40.
Kd2 Kd6 41. Bb7 a5 42. Kc3 Nd7 43. Bd5 f6 44. Kd3 Ke5 45. Be6 Nb6 46. Ke3 h4 47.
Kf3 Kd4 0-1

[Event "24th ch-EUR Indiv 2024"]
[Site "Petrovac MNE"]
[Date "2024.11.10"]
[Round "3.134"]
[White "Martirosyan, Haik M."]
[Black "Matei, Stefan-Razvan"]
[Result "1-0"]
[WhiteTitle "GM"]
[WhiteElo "2676"]
[BlackElo "1807"]
[WhiteFideId "13306553"]
[BlackFideId "1218751"]
[EventDate "2024.11.08"]

1. d4 Nf6 2. c4 g6 3. Nc3 Bg7 4. e4 d6 5. Be2 O-O 6. Be3 c6 7. Nf3 Na6 8. O-O e5
9. d5 cxd5 10. cxd5 Nc5 11. Nd2 Ne8 12. Nc4 f5 13. Nxd6 Qxd6 14. Nb5 Qb6 15. Rc1
Rf6 16. Rxc5 Qd8 17. Bg5 fxe4 18. d6 Qd7 19. Bxf6 Bxf6 20. Nc7 Nxc7 21. Rxc7 Qf5
22. d7 1-0

[Event "24th ch-EUR Indiv 2024"]
[Site "Petrovac MNE"]
[Date "2024.11.10"]
[Round "3.135"]
[White "Orian, Noga"]
[Black "Predke, Alexandr"]
[Result "0-1"]
[WhiteTitle "WIM"]
[BlackTitle "GM"]
[WhiteElo "2221"]
[BlackElo "2652"]
[WhiteFideId "2836475"]
[BlackFideId "24107581"]
[EventDate "2024.11.08"]

1. d4 Nf6 2. c4 e6 3. Nc3 Bb4 4. e3 c5 5. Bd3 Nc6 6. Ne2 cxd4 7. exd4 d5 8. cxd5
Qxd5 9. O-O Qh5 10. Bf4 O-O 11. a3 Be7 12. Qb3 Rd8 13. Rad1 b6 14. Qb5 Qxb5 15.
Bxb5 Bb7 16. Rd2 Rac8 17. Rfd1 Na5 18. Bd3 a6 19. Na2 Nd5 20. Be5 Bg5 21. Rc2
Rxc2 22. Bxc2 Nc4 23. Rb1 Nxe5 24. dxe5 Nf4 25. Nxf4 Bxf4 26. Re1 Rd2 27. Rd1
Rxd1+ 28. Bxd1 Bxe5 29. b3 a5 0-1

[Event "24th ch-EUR Indiv 2024"]
[Site "Petrovac MNE"]
[Date "2024.11.10"]
[Round "3.136"]
[White "Nemsadze, Daviti"]
[Black "Berin, Artem"]
[Result "1-0"]
[WhiteTitle "FM"]
[BlackTitle "FM"]
[WhiteElo "2366"]
[BlackElo "2224"]
[WhiteFideId "13619250"]
[BlackFideId "14189100"]
[EventDate "2024.11.08"]

1. e4 e6 2. d4 d5 3. Nc3 Nf6 4. e5 Nfd7 5. f4 c5 6. Nf3 Nc6 7. Be3 cxd4 8. Nxd4
Qb6 9. Qd2 Qxb2 10. Rb1 Qa3 11. Ncb5 Qxa2 12. Rd1 Kd8 13. Nxc6+ bxc6 14. Bd4 Qa4
15. Ra1 Bb4 16. Rxa4 Bxd2+ 17. Kxd2 cxb5 18. Bxb5 a6 19. Rha1 Bb7 20. Bxa6 Bxa6
21. Rxa6 Rxa6 22. Rxa6 Kc7 23. Ra7+ Kc6 24. Ke3 Rb8 25. g4 h5 26. Ra6+ Kc7 27.
f5 Re8 28. fxe6 Rxe6 29. Rxe6 fxe6 30. gxh5 Kd8 31. Kf4 Ke7 32. Kg5 Kf7 33. h6
gxh6+ 34. Kxh6 Nf8 35. h4 Ng6 36. Kg5 Ne7 37. h5 Nf5 38. Bf2 d4 39. h6 Kg8 40.
Kg6 Kh8 41. h7 Ne7+ 42. Kf7 Nc6 43. Kxe6 Nb4 44. Kf7 d3 45. e6 Nc6 46. cxd3 Ne5+
47. Kf6 Ng4+ 48. Kf5 Nh6+ 49. Kg6 1-0

[Event "24th ch-EUR Indiv 2024"]
[Site "Petrovac MNE"]
[Date "2024.11.11"]
[Round "4.1"]
[White "Dardha, Daniel"]
[Black "Deac, Bogdan-Daniel"]
[Result "1/2-1/2"]
[WhiteTitle "GM"]
[BlackTitle "GM"]
[WhiteElo "2606"]
[BlackElo "2687"]
[WhiteFideId "240990"]
[BlackFideId "1226380"]
[EventDate "2024.11.08"]

1. d4 Nf6 2. c4 e6 3. Nc3 Bb4 4. Qc2 d5 5. a3 Bxc3+ 6. Qxc3 O-O 7. Bg5 h6 8.
Bxf6 Qxf6 9. Nf3 dxc4 10. Qxc4 Nc6 11. Qc3 Re8 12. Rd1 e5 13. d5 Nb8 14. e3 Bf5
15. Be2 Nd7 16. O-O Rac8 17. Qb4 1/2-1/2

[Event "24th ch-EUR Indiv 2024"]
[Site "Petrovac MNE"]
[Date "2024.11.11"]
[Round "4.2"]
[White "Chigaev, Maksim"]
[Black "Bluebaum, Matthias"]
[Result "1-0"]
[WhiteTitle "GM"]
[BlackTitle "GM"]
[WhiteElo "2605"]
[BlackElo "2654"]
[WhiteFideId "4108116"]
[BlackFideId "24651516"]
[EventDate "2024.11.08"]

1. e4 e5 2. Nf3 Nc6 3. Bc4 Nf6 4. d3 Be7 5. Nc3 O-O 6. a3 d6 7. h3 a5 8. Be3 Be6
9. Ng5 Bxc4 10. dxc4 Nb8 11. Qe2 Nbd7 12. h4 c6 13. O-O-O Qc7 14. g4 Nc5 15.
Rhg1 Rab8 16. f4 exf4 17. Bxc5 dxc5 18. e5 Nd7 19. Nf3 Rfd8 20. e6 Nf8 21. exf7+
Kxf7 22. Rde1 Bf6 23. Ne4 Bd4 24. Nxd4 Rxd4 25. g5 Kg8 26. h5 Qf7 27. c3 f3 28.
Nf6+ gxf6 29. gxf6+ Kh8 30. Qxf3 Rd6 31. Qg3 Rxf6 32. Qxb8 Qxh5 33. Kb1 Qf7 34.
Qe5 Ng6 35. Qxc5 Rf5 36. Qd4+ Kg8 37. Qd8+ Kg7 38. Re7 1-0

[Event "24th ch-EUR Indiv 2024"]
[Site "Petrovac MNE"]
[Date "2024.11.11"]
[Round "4.3"]
[White "Svane, Frederik"]
[Black "Theodorou, Nikolas"]
[Result "1-0"]
[WhiteTitle "GM"]
[BlackTitle "GM"]
[WhiteElo "2654"]
[BlackElo "2612"]
[WhiteFideId "12923044"]
[BlackFideId "4262875"]
[EventDate "2024.11.08"]

1. e4 c5 2. Nf3 Nc6 3. Bb5 g6 4. O-O Bg7 5. c3 Nf6 6. Re1 O-O 7. d4 a6 8. Bxc6
dxc6 9. Qc2 cxd4 10. cxd4 Bg4 11. Nbd2 Nd7 12. h3 Bxf3 13. Nxf3 e5 14. Be3 exd4
15. Nxd4 Qe7 16. f4 Nf6 17. Bf2 Rfe8 18. Nf3 Nxe4 19. Ng5 f5 20. Qb3+ Kh8 21.
Nf7+ Kg8 22. Nh6+ Kh8 23. Nf7+ Kg8 24. Nd6+ Qe6 25. Nxe8 Qxb3 26. axb3 Rxe8 27.
Rad1 Kf7 28. Bd4 Bxd4+ 29. Rxd4 Nf6 30. Rxe8 Kxe8 31. Kf2 Ke7 32. Kf3 h5 33. Kg3
Nd5 34. Kf3 Nf6 35. g3 Ke8 36. Rb4 b5 37. Rd4 Ke7 38. Rd1 Nd5 39. Re1+ Kf7 40.
g4 hxg4+ 41. hxg4 Nb4 42. g5 Nd5 43. Rh1 Kg7 44. Rc1 Nb4 45. Ke3 Kf7 46. Rf1 a5
47. Rh1 Kg7 48. Kd4 Kg8 49. Rd1 Kf7 50. Ke5 Nd5 51. Rh1 Kg7 52. Rc1 Nb4 53. Rd1
Nd5 54. Rxd5 cxd5 55. Kxd5 Kf7 56. Kd6 1-0